Znalostná ekonomika - nové výzvy pre národohospodársku vedu medzinárodná konferencia

Informácia o medzinárodnej konferencii, ktorá sa uskutočnila v dňoch 19.-20. októbra 2006 na pôde Ekonomickej univerzity pod názvom "Znalostná ekonomika-nové výzvy pre národohospodársku vedu". Cieľom konferencie bola prezentácia a medzinárodná výmena skúseností z budovania znalostnej ekonomiky v Eu...

Ausführliche Beschreibung

Gespeichert in:
Bibliographische Detailangaben
1. Verfasser: Gonda, Vladimír
Format: Buchkapitel
Sprache:Slowakisch
Schlagworte:
Tags: Tag hinzufügen
Keine Tags, Fügen Sie das erste Tag hinzu!

MARC

LEADER 00000naa$a2200000$$$4500
001 0057183
005 20240502071638.2
041 0 |a slo 
044 |a SK 
245 1 0 |a Znalostná ekonomika - nové výzvy pre národohospodársku vedu  |b medzinárodná konferencia  |c Vladimír Gonda 
520 |a Informácia o medzinárodnej konferencii, ktorá sa uskutočnila v dňoch 19.-20. októbra 2006 na pôde Ekonomickej univerzity pod názvom "Znalostná ekonomika-nové výzvy pre národohospodársku vedu". Cieľom konferencie bola prezentácia a medzinárodná výmena skúseností z budovania znalostnej ekonomiky v Európskej únii. 
610 2 0 |a konferencie 
610 2 0 |a Slovensko 
610 2 0 |a Európska únia 
610 2 0 |a školy vysoké 
610 2 0 |a ekonomika vedomostná 
100 1 |a Gonda, Vladimír